FRAGMENTS OF A PRISONER`S DIARY : THE MEMOIRS OF A CAT (Record no. 443128)

MARC details
000 -LEADER
fixed length control field 00434nam a2200145Ia 4500
008 - FIXED-LENGTH DATA ELEMENTS--GENERAL INFORMATION
fixed length control field 100122s9999 xx 000 0 und d
082 ## - DEWEY DECIMAL CLASSIFICATION NUMBER
Item number 5045
Classification number 920
100 ## - MAIN ENTRY--PERSONAL NAME
Personal name ROY M N
245 ## - TITLE STATEMENT
Title FRAGMENTS OF A PRISONER`S DIARY : THE MEMOIRS OF A CAT
260 ## - PUBLICATION, DISTRIBUTION, ETC. (IMPRINT)
Date of publication, distribution, etc 1988
300 ## - PHYSICAL DESCRIPTION
Extent 50
630 ## - SUBJECT ADDED ENTRY--UNIFORM TITLE
Uniform title FRAGMENTS OF A PRISONER`S DIARY : THE MEMOIRS OF A CAT
730 ## - ADDED ENTRY--UNIFORM TITLE
Uniform title FRAGMENTS OF A PRISONER`S DIARY : THE MEMOIRS OF A CAT
942 ## - ADDED ENTRY ELEMENTS (KOHA)
Koha item type Book
Holdings
Withdrawn status Lost status Damaged status Not for loan Home library Current library Date acquired Cost, normal purchase price Total Checkouts Full call number Barcode Date last seen Cost, replacement price Price effective from Koha item type Public note
        S.V. Pathak Library, Vile Parle S.V. Pathak Library, Vile Parle 01/01/1989 2.00   5045 SVPPARLE-5045 01/25/2010 2.00 01/25/2010 Book 7)रद्द General Cancelled